Green Innovations and Their Barriers in Small and Medium-Sized Enterprises in Central Europe

Salvato in:
Dettagli Bibliografici
Autore principale: Barteková, Mária, 1992-
Altri autori: Janikovičová, Sabina, 2000-
Natura: Capitolo di libro
Lingua:inglese
Soggetti:
Tags: Aggiungi Tag
Nessun Tag, puoi essere il primo ad aggiungerne!!

MARC

LEADER 00000naa$a2200000$$$4500
001 0311512
005 20250709075937.7
041 0 |a eng 
044 |a SK 
245 1 0 |a Green Innovations and Their Barriers in Small and Medium-Sized Enterprises in Central Europe  |c Mária Barteková, Sabina Janikovičová 
500 |a Abstrakt 
610 2 0 |a inovácie environmentálne 
610 2 0 |a udržateľnosť 
610 2 0 |a podnik 
610 2 0 |a regulácia 
100 1 |a Barteková, Mária, 1992- 
700 1 |a Janikovičová, Sabina, 2000-